000 00607nam a2200205 4500
005 20260306151231.0
008 260306b |||||||| |||| 00| 0 eng d
020 _a978-93-91818-20-3
040 _aNational Science Library
_cNational Science Library
080 _a001.89(540) MHA
_bQ5
100 _aMahadevan, B
245 _aIntroduction to Indian knowledge system:
_bConcepts and applications
260 _aDelhi:
_bPHI Learning Private Limited,
_c2025
300 _a417p.
365 _b795.00
_cINR
650 _aTechnology
650 _aAstronomy
650 _aHumanities
942 _2udc
_cBK
999 _c67864
_d67864